000 00834nam a2200229 i 4500
003 IT-RoINE
005 20190201044950.0
008 121001s2012 sp a |r|||||000 | spa d
020 _a9788499610825
040 _aSpMaBN
_cSpMaBN IT-RoINE
_dIT-RoINE
100 1 _aLópez Pita, Paulina
_956720
245 1 0 _aSociedades extraeuropeas medievales: islam y extremo Oriente /
_cPaulina López Pita.
260 _aMadrid :
_bEditorial Universitaria Ramón Areces ;
_bUNED,
_c2012.
300 _a332 p. :
_bil., mapas
_c24 cm.
336 _aTexto (visual)
_2isbdcontent
337 _2rdamedia
_aunmediated
338 _2rdacarrier
_avolume
504 _aBibliografía: p. 321-332.
651 4 _aPaíses musulmanes
_xHistoria
_y500-1500 (Edad media)
_956721
651 4 _aExtremo Oriente
_xHistoria
_y500-1500 (Edad media)
_956722
942 _cMTS
999 _c28839
_d28839